01145nam a2200265 a 4500008004100000020000800041041000800049092001700057100003000074245007900104250003600183260003500219300001100254500011400265590003800379653002400417653002400441653004500465653005400510653004800564653006900612942001200681999001500693952017100708170302t1979 ag ||||f |||| 001 0 spa d aS/N aspa c170l46sKAL1 aKalinowski, Georges93154 3aEl problema de la verdad en la moral y en el derecho /cGeorges Kalinowski a1a ed.bTraduccion Enrique Mari aBuenos Aires: bEUDEBA;c1979. a173 p. aKalinowski, G. (1979). El problema de la verdad en la moral y en el derecho. (1a ed.). Buenos Aires : EUDEBA. aDonacion Dora Vera, febrero 2017. aPartidiarios del no aSostenedores del si aProposiciones morales y normas juridicas aVerdad y verificacion de las estimaciones morales aVerdad y verificacion de las normas morales aValor logico y justificacion racional de los imperativos morales 2ddccBK c2390d2390 00102ddc4070aBFMbBFMcCRd2017-03-02eDonacion Dora Vera, febrero 2017.l0o170 46 KALp3790r2017-03-02tEj.1w2017-03-02yBKzDonacion Dora Vera, febrero 2017.